Schnelle Mathematik - Multiplikation Level 10 - Statistiken

Allgemein
  • Dieses Quiz wurde 202 mal gespielt
  • Das Durchschnittsergebnis liegt bei 20 aus 20
Antwortstatistiken
Frage Antwort % Korrekt
0⋅0 0
100%
0⋅1 0
100%
0⋅2 0
100%
0⋅3 0
100%
0⋅4 0
100%
0⋅5 0
100%
0⋅6 0
100%
0⋅8 0
100%
0⋅9 0
100%
0⋅10 0
100%
0⋅12 0
100%
1⋅0 0
100%
2⋅0 0
100%
3⋅0 0
100%
4⋅0 0
100%
5⋅0 0
100%
6⋅0 0
100%
7⋅0 0
100%
8⋅0 0
100%
10⋅0 0
100%
11⋅0 0
100%
12⋅0 0
100%
1⋅1 1
100%
1⋅10 10
100%
2⋅5 10
100%
5⋅2 10
100%
10⋅1 10
100%
10⋅10 100
100%
12⋅9 108
100%
1⋅11 11
100%
11⋅1 11
100%
10⋅11 110
100%
11⋅10 110
100%
1⋅12 12
100%
2⋅6 12
100%
3⋅4 12
100%
4⋅3 12
100%
6⋅2 12
100%
12⋅10 120
100%
11⋅11 121
100%
12⋅11 132
100%
2⋅7 14
100%
7⋅2 14
100%
12⋅12 144
100%
3⋅5 15
100%
5⋅3 15
100%
2⋅8 16
100%
4⋅4 16
100%
2⋅9 18
100%
3⋅6 18
100%
6⋅3 18
100%
9⋅2 18
100%
1⋅2 2
100%
2⋅1 2
100%
2⋅10 20
100%
4⋅5 20
100%
5⋅4 20
100%
10⋅2 20
100%
3⋅7 21
100%
7⋅3 21
100%
2⋅11 22
100%
2⋅12 24
100%
3⋅8 24
100%
4⋅6 24
100%
6⋅4 24
100%
8⋅3 24
100%
12⋅2 24
100%
5⋅5 25
100%
3⋅9 27
100%
4⋅7 28
100%
7⋅4 28
100%
1⋅3 3
100%
3⋅10 30
100%
5⋅6 30
100%
6⋅5 30
100%
10⋅3 30
100%
4⋅8 32
100%
8⋅4 32
100%
3⋅11 33
100%
11⋅3 33
100%
3⋅12 36
100%
4⋅9 36
100%
6⋅6 36
100%
9⋅4 36
100%
12⋅3 36
100%
1⋅4 4
100%
2⋅2 4
100%
4⋅1 4
100%
4⋅10 40
100%
5⋅8 40
100%
8⋅5 40
100%
10⋅4 40
100%
6⋅7 42
100%
7⋅6 42
100%
4⋅11 44
100%
11⋅4 44
100%
9⋅5 45
100%
4⋅12 48
100%
6⋅8 48
100%
8⋅6 48
100%
12⋅4 48
100%
7⋅7 49
100%
1⋅5 5
100%
5⋅1 5
100%
5⋅10 50
100%
10⋅5 50
100%
6⋅9 54
100%
9⋅6 54
100%
5⋅11 55
100%
11⋅5 55
100%
7⋅8 56
100%
8⋅7 56
100%
1⋅6 6
100%
2⋅3 6
100%
3⋅2 6
100%
6⋅1 6
100%
5⋅12 60
100%
6⋅10 60
100%
10⋅6 60
100%
12⋅5 60
100%
7⋅9 63
100%
9⋅7 63
100%
6⋅11 66
100%
11⋅6 66
100%
1⋅7 7
100%
7⋅1 7
100%
7⋅10 70
100%
10⋅7 70
100%
6⋅12 72
100%
8⋅9 72
100%
9⋅8 72
100%
12⋅6 72
100%
7⋅11 77
100%
11⋅7 77
100%
8⋅1 8
100%
8⋅10 80
100%
10⋅8 80
100%
9⋅9 81
100%
7⋅12 84
100%
8⋅11 88
100%
11⋅8 88
100%
1⋅9 9
100%
3⋅3 9
100%
9⋅10 90
100%
10⋅9 90
100%
12⋅8 96
100%
9⋅11 99
100%
11⋅9 99
100%
0⋅11 0
95%
8⋅2 16
95%
8⋅8 64
95%
2⋅4 8
95%
9⋅0 0
94%
12⋅1 12
94%
11⋅2 22
94%
9⋅3 27
94%
5⋅7 35
94%
7⋅5 35
94%
3⋅1 3
93%
1⋅8 8
93%
4⋅2 8
93%
0⋅7 0
92%
5⋅9 45
92%
12⋅7 84
92%
9⋅1 9
92%
9⋅12 108
91%
10⋅12 120
91%
8⋅12 96
91%
11⋅12 132
90%
Keine übereinstimmenden Quizze gefunden
Verteilung der Resultate
Anzahl Personen mit jedem Resultat
Perzentil nach korrekt beantworteten Fragen
Ihre Resultats-Entwicklung
Sie haben dieses Quiz noch nicht gespielt